00796cam a22002414a 450000100090000000300040000900500170001300800410003001000170007102000280008804000180011604200080013405000210014208200200016310000190018324500890020225000120029126000510030330000340035450000200038865000550040885600910046313515274OSt20231005143307.0040308s2004 flua 001 0 eng  a 2004045581 a1584884894 (alk. paper) aDLCcDLCdDLC apcc00aTA333b.J44 200400a510.2462bJEF/E aJeffrey, Alan 10aEssentials of engineering mathematicsbworked examples and problems / Alan Jeffrey. a2nd ed. aBoca Raton :bChapman & Hall/CRC Press,c2004. avii, 882 p. :bill. ;c23 cm. aIncludes index. 0aEngineering mathematicsvProblems, exercises, etc.423Publisher descriptionuhttp://www.loc.gov/catdir/enhancements/fy0647/2004045581-d.html